000 00459nam a22001697a 4500
005 20251108170714.0
008 250721s9999 xx 000 0 eng d
082 1 4 _a821.009/WAI
100 1 _aWain, John
245 1 0 _aInterpretations :
_bEssays on twelve English poem /
250 _a2ىي ثي
264 1 _aLondon :
_bRoutledge & Kegan Paul,
_c[19-].
650 1 7 _aEnglish poetry
650 1 7 _aHistory & Criticism
942 _2ddc
_cBK
999 _c47043
_d47043